[Event "EU-Cup 21st"]
[Site "Saint Vincent"]
[Date "2005.09.20"]
[Round "3.3"]
[White "Schneider, Stefan"]
[Black "Roiz, Michael"]
[Result "0-1"]
[WhiteElo "2317"]
[BlackElo "2593"]
[Annotator "Roiz,M"]
[PlyCount "108"]
[EventDate "2005.09.18"]
[EventType "team-swiss"]
[EventRounds "7"]
[EventCountry "ITA"]
[SourceTitle "CBM 110"]
[Source "ChessBase"]
[SourceDate "2006.01.31"]
[SourceVersion "1"]
[SourceVersionDate "2006.01.31"]
[SourceQuality "1"]
[WhiteTeam "Malmo"]
[BlackTeam "Beer Sheva"]
[WhiteTeamCountry "SWE"]
[BlackTeamCountry "ISR"]

1. d4 Nf6 2. c4 e6 3. Nf3 d5 4. Nc3 c6 5. e3 a6 {This move is a common
alternative to the main lines of the Meran which arise after 5...Nbd7.} 6. b3
Bb4 7. Bd2 O-O 8. Bd3 Nbd7 9. O-O {A very fashionable line. Black has
prevented white from fianchetting his dark-squared bishop.} Bd6 ({Another
popoular continuation here is:} 9... Qe7) 10. c5 {This move can hardly cause
black some problems, since now he has a clear plan of couterplay which is
connected with a freeing e6-e5 advancement.} ({The most popular continuation
here is:} 10. Qc2 {intending to meet} e5 {with} 11. cxd5 cxd5 12. e4 $14) ({
Deserves attention also:} 10. Rc1 $5 e5 11. cxd5 cxd5 12. dxe5 Nxe5 13. Nxe5
Bxe5 14. Ne2 Ng4 15. h3 Nf6 16. Bc3 $14 {1-0 Dreev,A-Godena,M/Warsaw POL 2005/
The Week in Chess 555 (58)}) 10... Bb8 $5 {10...Bb8 looks more natural, but I
like the text move, as the bishop is less vulnerable at b8.} ({However, it
looks like black is O.K. also after:} 10... Bc7 11. e4 e5 12. exd5 exd4 $1 (
12... cxd5 13. dxe5 Nxe5 14. Bg5 $14) 13. d6 Nxc5 $1 14. dxc7 Qxc7 15. Bxh7+
Nxh7 16. Nxd4 Rd8 $11) 11. Na4 $6 $146 {Allowing black to get a very
comfortable position.} ({More to the point was:} 11. e4 $5 e5 12. exd5 exd4 13.
Na4 Nxd5 14. Re1 $44 {with a sufficient compensation for the pawn.}) (11. Qc2
e5 12. dxe5 Nxe5 13. Nxe5 Bxe5 14. f4 $11 {1/2-1/2 Gozzoli,Y-Malakhatko,V/
Paris FRA 2005/The Week in Chess 559 (14)}) 11... e5 ({It was also possible to
get a Stone-Wall type of position by:} 11... Ne4 $5 12. Qc2 f5 $132) 12. dxe5
Nxe5 13. Nxe5 ({It was risky to take the material:} 13. Nb6 Nxd3 (13... Nxf3+
$5 14. gxf3 Ra7) 14. Nxa8 Nxc5 15. Bb4 Bd6 $36 {and the Na8 is still in danger.
}) 13... Bxe5 14. Bc3 Bxc3 ({The standard blow doesn't work here:} 14... Bxh2+
$2 15. Kxh2 Ng4+ 16. Kg3 Qc7+ 17. Kf3 $16) 15. Nxc3 Qe7 16. Na4 {Of course,
the knight is misplaced there, but at least white avoids a direct attack on
his king.} (16. b4 $6 Qe5 {[%cal Gf6g4]} 17. Ne2 Ng4 18. Ng3 h5 $36) 16... Bg4
17. Qc2 Qe5 {[%cal Ge5g5] Intending to create unpleasant threats at the
king-side. White should be careful, since his knight is far away from the
monarch.} 18. Qc3 Qg5 19. Kh1 Rae8 $15 {Black has some space advantage, while
white has no real counterplay. However, I belive white should hold this
position by accurate play, since he has no real weaknesses.} 20. Qb4 {The
right idea - white should activate his knight.} Re7 21. Nc3 Bf5 {I have
decided to exchange the bishops in order to get control of e4-spot.} 22. Rad1
Bxd3 23. Rxd3 Qf5 24. Rdd1 {White is playing too passively!} ({I would prefer:
} 24. Rd4 $5 Rxe3 $140 $2 25. Rf4 Re4 26. Qxe4 $16) 24... h5 {White has a very
solid position, so I tried to provoke some weakening by advancing the
king-side pawns.} 25. Kg1 Rfe8 26. Rd4 {[%csl Gb4,Gd4] Taking full control of
the 4th rank.} Qe5 {[%cal Gf6g4]} 27. h3 {A necessary move, since the threat
of 27...Ng4 is quite unpleasant.} Qc7 {[%cal Ge7e5,Ge5g5] I wanted to make the
rook's transfer possible.} 28. Ne2 Ne4 29. Qa3 $1 {A correct idea - white
should consolidate his queen-side pawn structure.} Re5 {That transfer is not
very powerful.} ({More logical would be:} 29... g5 $5 30. b4 f5 {advancing the
king-side pawns.}) 30. b4 Qe7 {Now white should avoid some tactical tricks 
(for example, now 31...Nxf2 is a threat)} 31. Rd3 Qh4 32. Qb2 Rg5 {Black's
heavy pieces are very active now, but it is still not enough!} 33. Nf4 $1 {
Now the Nf4 is the main defender of white's monarch!} Rf5 34. Rd4 Qf6 {Putting
some pressure on Pf2 along the f-file.} 35. Nd3 Ng5 ({Now} 35... g5 36. a4 g4
37. Nf4 $13 {leads to a doubled-edged play, since the Kg8 is also compromised.}
) 36. Nf4 Ne4 37. Nd3 Ng5 38. Nf4 Ne6 {I have decided to swap the knights as
well, although it makes white's taks easier.} 39. Nxe6 fxe6 40. Rd2 Qg6 {
White is still worse, since black's pressure on the king-side remains
unpleasant.} 41. Kh1 Ref8 42. a4 {White has avoided a direct danger, so he
intents to get some queen-side counterplay.} e5 {Seizing more space and fixing
the weak Pf2.} 43. b5 ({An attempt to break black's central pawns fails to:} 
43. e4 Rg5 44. exd5 Rf3 $3 $40 45. gxf3 $140 $2 Qf5 $19) 43... axb5 44. axb5
Rg5 45. Rg1 ({Deserved attention also:} 45. f3 $5) 45... h4 46. bxc6 {White
wants to exchange as more pawns as it possible.} ({At the same time, I would
prefer:} 46. b6 $5 Ra8 $140 47. Rdd1 {getting some counterchances.}) 46... bxc6
47. Qb6 Kh7 {A useful prophylactic move.} 48. Kh2 Rf6 49. Qb4 Qf5 50. Qb1 ({
I can hardly recommend:} 50. Qxh4+ $6 Rh6 51. g4 (51. Qb4 Rxg2+ 52. Rxg2 Qxh3+
53. Kg1 Qh1#) 51... Rxh4 52. gxf5 Rxg1 53. Kxg1 Rc4 $17 {and the endgame is
very hard for white.}) 50... e4 51. Qb2 Rfg6 52. Qa1 Qf8 53. Qc3 $4 {[%mdl
8192] A terrible blunder after a good defensive job!} ({After the correct} 53.
Rc2 {(keeping control of Rg1!)} Rf5 54. Rf1 Rgf6 55. Qd1 $15 {it would be very
hard for me to make some progress.}) {[%tqu "En","Please, find the decisive
blow.","","","f8f3","",10]} 53... Qf3 $3 {This elegant sacrifice immediately
decides the game!} 54. gxf3 Rxg1 {[%cal Gg6g2] The mate is unavoidable, so
white resigns.} 0-1

[Event "Moscow Aeroflot op-A"]
[Site "Moscow"]
[Date "2003.02.17"]
[Round "7"]
[White "Roiz, Michael"]
[Black "Izoria, Zviad"]
[Result "1/2-1/2"]
[WhiteElo "2512"]
[BlackElo "2565"]
[Annotator "Roiz,M"]
[PlyCount "59"]
[EventDate "2003.02.10"]
[EventType "swiss"]
[EventRounds "9"]
[EventCountry "RUS"]
[SourceTitle "CBM 094"]
[Source "ChessBase"]
[SourceDate "2003.05.26"]
[SourceVersion "1"]
[SourceVersionDate "2003.05.26"]
[SourceQuality "1"]

1. d4 d5 2. c4 e6 3. Nc3 c6 4. e3 Nf6 5. Nf3 a6 {This is a favourite system of
Gm Michele Godena. The idea is to play c6-c5 and to put the N on c6.} 6. b3 $1
{In my opinion,this is the most dangerous continuation for black.} ({The
alternatives are:} 6. Qc2 c5 $1 {It looks like a lost of time,but the Q on c2
is not in place. On the other hand,a7-a6 is always useful move in this type of
positions.} 7. cxd5 (7. dxc5 Bxc5 8. a3 dxc4 9. Bxc4 Nbd7 10. b4 Bd6 11. Bb2 b5
12. Ne4 Be7 13. Bd3 Bb7 14. Rd1 Qc8 $11 {1/2-1/2 Chatalbashev,B-Georgiev,V/
Reggio Emilia 2002}) 7... exd5 8. Be2 Nc6 9. O-O (9. Ne5 Qc7 10. Nxc6 Qxc6 11.
dxc5 Qxc5 12. O-O Bd6 13. Rd1 O-O 14. Bd2 Be5 15. Qd3 Be6 $11 {1/2-1/2
Ivanchuk,V-Georgiev,V/Bled ol (Men) 2002}) 9... Be6 10. dxc5 Bxc5 11. b3 Rc8
12. Bb2 O-O 13. Rac1 Ba7 14. Rfd1 Qe7 15. Qb1 Rfd8 16. Ng5 d4 17. Nxe6 Qxe6 18.
Bc4 Qg4 19. exd4 {1/2-1/2 Gurevich,M-Morozevich,A/FIDE-Wch k.o. 2001}) (6. Bd3
dxc4 7. Bxc4 b5 8. Bd3 c5 {and black gets comfortable position.}) (6. a3 Nbd7 (
6... dxc4 7. Bxc4 b5 8. Bd3 (8. Ba2) 8... Nbd7) 7. b4 Bd6 8. Bb2 O-O 9. c5 Bc7
10. Na4 Qe7 11. Be2 Rb8 12. O-O e5 13. Nxe5 Nxe5 14. dxe5 Bxe5 15. Bxe5 Qxe5
16. Qd4 Qc7 17. Nc3 $14 {1-0 Lautier,J-Gurevich,M/FIDE GP Moscow rapid 2002}) (
6. c5 b6 (6... Nbd7 7. b4 Qc7 {[%cal Ge6e5]} 8. Be2 e5 9. O-O e4 10. Nd2 $132 {
[%cal Ga2a4,Gh7h5]}) 7. cxb6 c5 8. dxc5 $5 (8. Bd3 Qxb6 9. O-O Nbd7 10. Bc2 Bd6
11. e4 dxe4 12. Nxe4 Nxe4 13. Bxe4 Bb7 14. Bxb7 Qxb7 15. dxc5 Bxc5 $11 {
1/2-1/2 Gavrikov,V-Kallai,G/Mazatlan rapid 1988}) 8... Bxc5 9. Na4 Bb4+ 10. Bd2
Bxd2+ 11. Qxd2 Nbd7 12. Qb4 (12. Qa5 $5) 12... Rb8 13. Rc1 Nxb6 14. Nxb6 Bd7 $1
$11) 6... Bb4 (6... c5 7. Bb2 cxd4 8. exd4 b6 9. Be2 $6 (9. Bd3 $142 $14) 9...
Bb7 10. O-O Nbd7 11. Bd3 Be7 12. Qe2 O-O 13. Rac1 Qb8 14. Rfe1 Qf4 15. Qe3 Bd6
16. Ne2 Qxe3 17. fxe3 {1/2-1/2 Lautier,J-Gurevich,M/Corus Wijk aan Zee 2002})
7. Bd2 Bd6 (7... O-O 8. Bd3 b5 9. O-O bxc4 10. bxc4 dxc4 11. Bxc4 c5 12. a3
cxd4 13. axb4 dxc3 14. Bxc3 Bb7 15. Ne5 $14 {1/2-1/2 Salov,V-Nikolic,P/
Hoogovens Wijk aaz Zee 1992}) (7... Nbd7 8. Bd3 O-O 9. O-O Bd6 (9... Qe7 10.
Re1 Bd6 11. cxd5 (11. e4 dxc4 12. bxc4 e5) 11... cxd5 (11... exd5 $5 12. e4
dxe4 13. Nxe4 Nxe4 14. Rxe4 Qd8 {[%cal Gd7f6]}) 12. e4 dxe4 13. Nxe4 Bb4 14.
Rc1 Nxe4 15. Bxe4 Nf6 $11 {1-0 Cvitan,O-Velikov,P/Cannes op 1990}) 10. e4 (10.
Qc2 e5 11. cxd5 cxd5 12. e4 exd4 13. Nxd5 Nxd5 14. exd5 Nf6 15. Rae1 h6 16.
Nxd4 Nxd5 17. Bc4 $14 {1-0 Yevseev,D-Dzhakaev,D/Chigorin mem op 2001}) 10...
dxc4 11. bxc4 e5 12. c5 $1 (12. d5 cxd5 13. cxd5 Nc5 14. Bc2 Bg4 $11) 12... Bc7
13. Na4 exd4 14. h3 $1 {[%cal Yh3g4]} Re8 15. Re1 h6 16. Rb1 Nh7 17. Bc4 $36 {
1-0 Kasparov,G-Gelfand,B/Linares 1991}) 8. Qc2 $1 (8. Bd3 c5 $11 {[%csl Rd2]
[%cal Gb8c6]}) 8... c5 (8... dxc4 9. bxc4 c5 10. Bd3 Nc6 11. Ne4 cxd4 12. exd4
Bb4 13. c5 $1 $14) 9. dxc5 $1 $146 {[%mdl 8] I think that this move is very
convincing because white gets a pair of bishops in open position.} (9. cxd5
exd5 10. dxc5 $1 {-9.dxc5}) (9. cxd5 cxd4 $142 $1 10. dxe6 (10. Nxd4 exd5 11.
Be2 O-O 12. O-O Nc6 $11) 10... dxc3 11. exf7+ Ke7 12. Bxc3 Be6 13. Ng5 Qc8 14.
Nxe6 Qxe6 15. Bc4 Qg4 16. f3 Qg6 $13 {0-1 Dreev,A-Gurevich,M/Corsica Masters
rap 6th 2002}) 9... Bxc5 10. cxd5 exd5 11. Nxd5 $1 {[%cal Gc2c8] Zviad has
overlooked this simple blow.It is funny,that he missed this blow(Nxd5) in his
previous game against Konstantin Sakaev in the same opening!} Qxd5 12. b4 Nbd7
$8 13. bxc5 (13. Bc4 Qe4 14. Bd3 Qe7 (14... Qg4 15. bxc5 Qxg2 16. Ke2 Ng4 17.
Raf1 {[%cal Gh1g1]} Nxf2 18. Rhg1 $18) 15. bxc5 Nxc5 $14) 13... Nxc5 14. Bb4 (
14. Rc1 b6 {[%cal Gc8f5]}) (14. Bc4 Bf5 $1) 14... b6 15. Rd1 (15. Bxc5 $5 bxc5
(15... Qxc5 16. Qxc5 bxc5 17. Rc1 Be6 18. Rxc5 Bxa2 19. Bxa6 Be6 20. Bb5+ Ke7
21. O-O $16) 16. Rd1 Qh5 17. Rc1 Be6 (17... Bf5 18. Qxc5 Rc8 19. Bb5+ $3 (19.
Qxc8+ $2 Bxc8 20. Rxc8+ Ke7 21. Rxh8 Qa5+ 22. Kd1 Ne4 23. Rg1 Qa4+ 24. Kc1 Qa3+
25. Kc2 Qc3+ $11) 19... axb5 20. Qxc8+ Bxc8 21. Rxc8+ Ke7 22. Rxh8 $18) 18. Bc4
$16) 15... Qe4 16. Qxe4+ Nfxe4 17. Nd4 a5 {Black cannot wait-after f2-f3 his
position will be wery hard.} (17... O-O 18. f3 a5 $1 19. Ba3 Nc3 20. Ra1 Re8 (
20... Ba6 21. Bxa6 Rxa6 22. Kd2 Nd5 23. Rhc1 $16) 21. Kd2 Nd5 22. e4 Nb4 $14 {
[%csl Ra3]}) 18. Ba3 (18. Bxc5 Nxc5) (18. Nb5 axb4 19. Nc7+ Ke7 20. Nxa8 Bg4)
18... Nc3 $1 19. Nb5 (19. Ra1 O-O 20. f3 {-see comments to 17...0-0 18.f3 a5})
(19. Rd2 $2 Nb1 $1 {[%csl Ra3,Rd2][%cal Gb1d2,Gb1a3]} 20. Bb5+ Bd7 21. Bxd7+
Nxd7) 19... Nxb5 20. Bxb5+ Ke7 21. Ke2 Be6 22. Rd2 Rhd8 23. Rc2 $14 {White is
slighty better due the to pair bishops,but the position of black is still very
solid.} Rac8 24. Rhc1 Rc7 25. f3 {[%cal Ge3e4]} (25. Bxc5+ Rxc5 26. Rxc5 bxc5
27. Rxc5 Bxa2 $11) 25... f6 26. e4 (26. Bxc5+ Rxc5 27. Rxc5 bxc5 28. Rxc5 Bxa2
29. Ba4 (29. Rc7+ Kf8 30. Ra7 Rd5 $1 31. Rxa5 $2 Bc4+) (29. Bd3 Rd5 30. Rc7+
Rd7 31. Rxd7+ Kxd7 32. Bxh7 a4 33. Kd2 a3 34. Kc3 Be6 {[%csl Ga3][%cal Gd7e7,
Ge7f8] and i don't see real chanses for winning this position}) 29... Rb8 (
29... Rd5 $5 30. Rc7+ Kf8) 30. Rxa5 Rb2+ 31. Kf1 $14) 26... Kf7 27. Ke3 Rdc8
28. Be2 $6 {After this move white has nothing.} (28. g4 $142 $1 {[%cal Gh2h3,
Gf3f4]} g6 29. h4) 28... f5 $1 {It is very important for black to get the
''d5'' square for his N.} (28... Na6 $6 29. Rxc7+ Nxc7 30. Bd3 $14 {[%csl Rb6,
Rc7][%cal Gf3f4]}) 29. e5 Na6 $1 30. Rxc7+ (30. Rxc7+ Nxc7 {[%cal Gc7d5]} 31.
Kf2 Nd5 32. Rxc8 Bxc8 {[%cal Gc8e6,Gd5b4]}) 1/2-1/2

[Event "FIDE World Cup"]
[Site "Tbilisi"]
[Date "2017.09.10"]
[Round "3.2"]
[White "Bu, Xiangzhi"]
[Black "Carlsen, Magnus"]
[Result "1/2-1/2"]
[WhiteElo "2710"]
[BlackElo "2822"]
[Annotator "Sagar Shah"]
[PlyCount "65"]
[EventDate "2017.09.03"]
[EventType "k.o."]
[EventRounds "7"]
[EventCountry "GEO"]
[SourceTitle "CBM 181"]
[Source "ChessBase"]
[SourceDate "2017.11.10"]
[SourceVersion "1"]
[SourceVersionDate "2017.11.10"]
[SourceQuality "1"]

1. Nf3 {Bu chooses the most solid way to start a game.} e6 2. c4 d5 {Many
strong players did not like Magnus' opening choice. According to them, he
should have gone for something non-symmetrical and much more non-theoretical.}
3. d4 Nf6 4. Nc3 c6 5. e3 Nbd7 6. Qc2 {Now we are in the main line of the
Meran. Although it is well known for being a complex opening, White has many
ways to go for a very safe and uncomplicated position.} b6 (6... Bd6 {is the
main line.}) 7. Be2 Bb7 8. O-O Bd6 9. e4 Nxe4 10. Nxe4 dxe4 11. Qxe4 Nf6 12.
Qc2 {White is threatening c5.} c5 $1 {A good move by Magnus who has activated
his light squared bishop, which is more often than not a problem in this
opening.} 13. Qa4+ Nd7 14. Rd1 O-O $6 (14... Qc7 $1 $15 {Magnus was not on the
top of his game. Otherwise he would have surely chosen this move.}) 15. Ne5 $1
$16 {Once Bu Xiangzhi made this move, he became very comfortable about his
position.} (15. dxc5 Nxc5 $15) 15... Nf6 16. dxc5 bxc5 17. Nd7 $1 {A move
which Magnus most probably missed.} Ne4 18. Rxd6 $1 (18. Nxf8 $2 Bxh2+ 19. Kxh2
Qh4+ 20. Kg1 Qxf2+ 21. Kh2 Nd2 $19) 18... Nxd6 19. Nxf8 Qxf8 20. Be3 $6 (20.
Bd3 $14 {A highly pleasant position for White, who not only has the bishop
pair, but also a superior pawn structure. This move stops Nf5-d4.}) 20... Nf5
$1 $11 21. Rd1 Nxe3 22. fxe3 {Although the position is equal now, Black is in
big trouble because he is in a must win situation and with every exchange, his
chances diminishing.} h6 23. Rd7 Be4 24. Rxa7 Rb8 25. b3 Qd8 26. Qd7 Qf6 27.
Rc7 Qa1+ 28. Kf2 Kh7 {Magnus gets desperate. But how else is he going to
create his chances?} 29. Qxf7 Qb2 30. Qf4 (30. Qxe6 Rf8+ 31. Rf7 $16) 30... Bd3
31. Rxg7+ $1 {Of course, Bu Xiangzhi had seen this from quite a distance.} Kxg7
32. Qc7+ Kg6 33. Qg3+ {There is no way to get out of the perpetual.} 1/2-1/2

[Event "Qatar Masters op"]
[Site "Doha"]
[Date "2015.12.21"]
[Round "2"]
[White "Fedoseev, Vladimir1"]
[Black "Ali Marandi, Cemil Can"]
[Result "1/2-1/2"]
[WhiteElo "2664"]
[BlackElo "2454"]
[Annotator "Sagar Shah/CB Website"]
[PlyCount "107"]
[EventDate "2015.12.20"]
[EventType "swiss"]
[EventRounds "9"]
[EventCountry "QAT"]
[SourceTitle "CBM 170"]
[Source "ChessBase"]
[SourceDate "2016.01.15"]
[SourceVersion "1"]
[SourceVersionDate "2016.01.15"]
[SourceQuality "1"]

1. d4 d5 2. c4 c6 3. Nc3 Nf6 4. e3 e6 5. Nf3 Nbd7 6. Qc2 Bd6 7. b3 O-O 8. Be2
e5 9. cxd5 cxd5 10. Nb5 Bb4+ 11. Bd2 Bxd2+ 12. Nxd2 a6 13. dxe5 Nxe5 14. Nd4
Bg4 15. Bxg4 Nfxg4 16. Rc1 Qh4 17. g3 Qh3 18. Ke2 {The Semi-Slav for White has
gone completely wrong. His king is misplaced in the centre and the knight on
g4 is ready to sacrifice its life to rip open the white king. So f2 or e3 is
the question?} Nxe3 $5 {This is less powerful but also leads to a good attack.}
(18... Nxf2 $1 {was much more accurate and would have ended the game quite
quickly.} 19. Kxf2 Rac8 $1 {The computer suggests this move, but it is of
course not so easy for humans to see it when there is a much more tempting
option in Ng4.} (19... Ng4+ {This is the most human move.} 20. Kf3 $1 {the
staunchest defence.} (20. Kg1 Nxe3 $19 {The queen is attacked and the mate on
g2 cannot be averted.}) (20. Ke2 Qg2+ 21. Ke1 Qf2+ 22. Kd1 Nxe3#) 20... Rae8
21. Rce1 Re6 $1 22. Nxe6 fxe6+ 23. Ke2 Qg2+ 24. Kd1 Nf2+ 25. Kc1 Nxh1 $19 {
leads to a position where Black is clearly winning.}) 20. Qf5 (20. Qb1 Rxc1 21.
Rxc1 Qxh2+ 22. Ke1 (22. Kf1 Ng4 $19) 22... Qxg3+ 23. Kd1 (23. Kf1 Ng4 $19)
23... Qxe3 $19 {Black has four pawns for the piece and the white king is
completely exposed.}) 20... Qxf5+ 21. Nxf5 Rxc1 22. Rxc1 Nd3+ $19) 19. Kxe3 (
19. fxe3 Qg2+ $19 {The h1-rook falls.}) 19... Rfe8 20. Qf5 Qh6+ 21. f4 Nc6+ 22.
Kd3 Nxd4 23. Kxd4 Qb6+ 24. Kc3 g6 $1 {The queen doesn't really have a good
square to go to.} 25. Qd7 (25. Qd3 Re3 $19) (25. Qc2 Rac8+ $19) (25. Qb1 Rac8+
26. Kb2 Qd4+ 27. Ka3 Qxd2 $19) 25... Rad8 26. Qa4 Qe3+ 27. Kb2 Qxd2+ 28. Rc2
Qd3 {Black is a pawn up and has excellent chances of converting the position.
White on the other hand can be happy that his king is at least safe and he
won't lose soon.} 29. Qa5 $2 (29. Rhc1 $17) 29... Rc8 $1 30. Rxc8 Rxc8 31. Ka3
d4 32. Re1 b5 33. Qb4 Qc2 34. Qxd4 a5 35. Qd7 {It is Black to play and win.}
Qc5+ $1 (35... Rb8 {with the idea of ...b4 and ...Qa2 is another way to win.}
36. Re8+ Kg7 $1 37. Qd4+ (37. Rxb8 Qc1#) 37... Kh6 38. Rxb8 Qc1+ 39. Qb2 b4+
40. Ka4 Qxb2 $19) 36. Kb2 Qc2+ (36... Qf2+ $1 37. Ka3 Rc2 {and it is game over
as there is no perpetual.} 38. Qe8+ (38. Re8+ Kg7 $19) 38... Kg7 39. Qe5+ f6
40. Qe7+ Kh6 41. Qf8+ Kh5 $19) 37. Ka3 b4+ $6 38. Ka4 Qxa2+ 39. Kb5 Rb8+ 40.
Ka6 Qxb3 41. Re8+ Rxe8 42. Qxe8+ Kg7 {Black is still clearly better but the
win is not as easy as before.} 43. Kxa5 Qb2 44. Kb5 b3 45. Qe3 h5 46. Kb4 Qxh2
47. Qe5+ Kg8 48. Qe8+ Kg7 49. Qe5+ Kh7 50. Qd5 Qb2 51. Qxf7+ Kh6 52. Qe7 Qg7
53. Qg5+ Kh7 54. Kxb3 {A miraculous escape for Fedoseev who must have thanked
his lucky stars for this half point.} 1/2-1/2

[Event "World Cup"]
[Site "Reykjavik"]
[Date "1991.??.??"]
[Round "3"]
[White "Gulko, Boris F"]
[Black "Speelman, Jonathan S"]
[Result "1/2-1/2"]
[WhiteElo "2565"]
[BlackElo "2630"]
[Annotator "Salov,V"]
[PlyCount "73"]
[EventDate "1991.09.??"]
[EventType "tourn"]
[EventRounds "15"]
[EventCountry "ISL"]
[EventCategory "16"]
[SourceTitle "CBM 026"]
[Source "ChessBase"]
[SourceDate "1992.02.01"]
[SourceVersion "1"]
[SourceVersionDate "1992.02.01"]
[SourceQuality "1"]

1. d4 Nf6 2. c4 e6 3. Nf3 d5 4. Nc3 c6 5. e3 Nbd7 6. Qc2 Bd6 7. Be2 O-O 8. O-O
Re8 9. Rd1 Qe7 10. h3 $5 {TN} (10. e4 dxe4 11. Nxe4 Nxe4 12. Qxe4 e5 13. Bg5 f6
14. Be3 exd4 15. Qxe7 Bxe7 16. Nxd4 Nc5 $10 {Eingorn-Sveshnikov,Moscow 1989}) (
10. b3 dxc4 11. Bxc4 b5 12. Bd3 Bb7 13. Bb2 a6 14. Ng5 $5 h6 (14... Bxh2+ 15.
Kxh2 Ng4+ 16. Kg3 Qxg5 17. Bxh7+ Kh8 18. Ne4 $16) 15. Nge4 Bc7 16. Nxf6+ Nxf6
17. Ne4 Nxe4 18. Bxe4 Bd6 $1 $10 {Kuzmin,A-Andrianov,Pancevo 1989}) 10... dxc4
11. Bxc4 a6 $5 (11... c5 12. dxc5 Bxc5 13. e4 Bd6 14. Nb5 Bb8 15. b3 a6 16. Ba3
Nc5 17. Bf1 $14) 12. e4 e5 13. Be3 exd4 (13... b5 14. Bf1 b4 15. Na4 exd4 16.
Nxd4 $14) 14. Nxd4 Ne5 (14... Nxe4 $4 15. Nf5 Qe5 16. Nxe4 Qxf5 17. Bxf7+ $1
$18) 15. Bf1 Ng6 16. g3 h5 $1 (16... Nxe4 $2 17. Nxc6 bxc6 18. Nxe4 $16) 17.
Bg2 h4 18. Nf5 Bxf5 19. exf5 Ne5 20. Bg5 $6 (20. g4 $5 Nexg4 (20... Nc4 21. Bg5
Qe5 22. Bxh4 Qh2+ 23. Kf1 Nxg4 (23... Re3 24. Rd4 Rxh3 25. Bxf6 Ne3+ 26. fxe3
Rf3+ 27. Bxf3 Qxc2 28. Rxd6 $18) 24. hxg4 Qxh4 25. Ne4 $18) 21. hxg4 Nxg4 (
21... Qe5 22. Rxd6 $16) 22. Bb6 Qe5 23. Qd3 $16) 20... hxg3 21. fxg3 Ned7 22.
Ne4 Be5 23. a3 $6 Qf8 24. Kh2 Nxe4 25. Bxe4 Nf6 26. Bf3 Qe7 {/\Nf6-g4} 27. Kg2
Nd5 $1 $17 28. Qc1 (28. Bxe7 $2 Ne3+ 29. Kf2 Nxc2 30. Rac1 Bd4+ $19) 28... Bf6
$6 (28... Qd6 $1 29. Bxd5 cxd5 30. Rd3 f6 $1 $17) 29. Bd2 Qe5 $6 (29... Ne3+
30. Bxe3 Qxe3 31. Qc2 Rad8 $15) 30. Qc2 Rad8 31. Re1 $1 Qd4 (31... Qxe1 32.
Rxe1 Rxe1 33. Bxd5 Re2+ 34. Kf1 Rh2 $2 35. Bg2 $18) 32. Rad1 Rxe1 33. Rxe1 Kf8
34. Bc1 $10 Be7 35. Qe4 Qf6 36. h4 Qd6 37. Qc2 1/2-1/2